000 00592nam a2200193 i 4500
001 bg
003 BPK
005 20200117094415.0
008 950505s1982 pl f |000 0 pol
040 _cBPK
041 _apol
080 _a628.1/.3
100 1 _aPląskowski, Zbigniew
_d(1921-2009)
_eAutor
245 0 _aBudownictwo oczyszczalni wody i ścieków /
_cZbigniew Pląskowski.
260 _aWarszawa,
_c1982.
650 4 _aOczyszczalnia ścieków
856 _uhttp://koha.tu.koszalin.pl/cgi-bin/koha/opac-detail.pl?biblionumber=20500
_yKatalog online BPK
942 _cKS
_2UKD
999 _c20500
_d20500